Normal view
MARC view
Entry Topical Term
001 - CONTROL NUMBER
- control field: 13030
003 - CONTROL NUMBER IDENTIFIER
- control field: OSt
005 - DATE AND TIME OF LATEST TRANSACTION
- control field: 20191107173959.0
008 - FIXED-LENGTH DATA ELEMENTS
- fixed length control field: 191107|| aca||aabn | a|a d
040 ## - CATALOGING SOURCE
- Original cataloging agency: OSt
- Transcribing agency: OSt
150 ## - HEADING--TOPICAL TERM
- Topical term or geographic name entry element: Gender studies
670 ## - SOURCE DATA FOUND
- Source citation: Work cat.: (OSt)3122: Kabeer, Naila 6931, Gender Mainstreaming in Poverty Eradication and the Millennium Development Goals:, 2003
